Stavba jaderných reaktorů 1 : Konstrukce a vývoj energetických reaktorů

Gespeichert in:
Bibliographische Detailangaben
1. Verfasser: Heřmanský, Bedřich (Verfasst von)
Format: Buch
Sprache:Tschechisch
Veröffentlicht: Praha : České vysoké učení technické v Praze, 1980
Ausgabe:2. vyd.
Tags: Tag hinzufügen
Keine Tags, Fügen Sie das erste Tag hinzu!

MARC

LEADER 00000nam a22000003a 4500
001 stu25921
005 20150617225700.7
008 980604s1980------------------------cze-d
040 |a STU  |b slo 
041 0 |a cze 
100 1 |a Heřmanský, Bedřich  |4 aut 
245 1 |a Stavba jaderných reaktorů 1 :  |b Konstrukce a vývoj energetických reaktorů 
250 |a 2. vyd. 
260 |a Praha :  |b České vysoké učení technické v Praze,  |c 1980 
300 |a 219 s 
996 |b 284ES18799  |c E*S-19135  |l EE01  |s A  |a 24  |w stu25921_0001 
996 |b 284ES14096  |c E*S-19564  |l EE01  |s A  |a 24  |w stu25921_0003 
996 |b 284ES14098  |c E*S-19136  |l EE01  |s A  |a 24  |w stu25921_0005 
996 |b 284ES14097  |c E*S-19559  |l EE01  |s A  |a 24  |w stu25921_0008